000 00329nam a2200145Ia 4500
008 100415s9999 xx 000 0 und d
082 _b10624
_a582
100 _aChauhan,D.K.S
245 _aSystematic Botany
260 _c1969
365 _b0
630 _aSystematic Botany
730 _aSystematic Botany
942 _cBOOK
999 _c593550
_d593547